000 00741nam a22002531 4500
001 33772
003 BD-RjUL
005 20211209052046.0
008 140511s1963 ilu b 001 0 eng d
035 _a(BD-RjUL)33863
040 _aDLC
_cDLC
_dDLC
_dBD-RjUL
_beng
041 _aeng
082 0 0 _a361.4
_bTHD 1963
100 1 _aThelen, Herbert Arnold,
_d1913-
_9101917
245 1 0 _aDynamics of groups at work /
_cHerbert Arnold Thelen.
250 _a1st Phoenix ed.
260 _aChicago :
_bUniversity of Chicago Press,
_c1963.
300 _aix, 374 p. ;
_c22 cm.
504 _aIncludes bibliographical references and index.
650 0 _aSocial group work.
_916781
942 _2ddc
_cBK
999 _c33772
_d33772